000 00957nam a2200217 a 4500
001 000005603
005 20200929151724.0
008 090820s2004 dr 000 0 spa d
040 _aDO-SdBNP
_bspa
_cBNPHU
082 _axxxx
_bS237e
100 1 _aSantos Reyes, Felipe
_915813
245 1 0 _aEstructura del presupuesto nacional y su impacto en la población vulnerable :
_bRepública Dominicana /
_cFelipe Santos Reyes ; colaboración Valentín Melenciano, Luis José Santos Burgos y Franklin Díaz ; edición José Luis Soto.
260 _aSanto Domingo :
_bCentro de Estudios Sociales P. Juan Montalvo,
_c2004.
300 _a93 p. ;
_c22 cm.
504 _aIncluye referencias bibliográficas y notas al pie de las páginas
504 _aBibliografía : p. 89-93
700 1 _aMelenciano, Valentín,
_ecol.
_915814
700 1 _aSantos Burgos, Luis José,
_ecol.
_915815
700 1 _aDíaz, Franklin,
_ecol.
_915816
700 1 _aSoto, José Luis,
_eed.
_915817
999 _c5402
_d5402